| 000 | 00530nam a22001817a 4500 | ||
|---|---|---|---|
| 999 |
_c66798 _d66795 |
||
| 082 | _aR/2CS16 | ||
| 100 | _aSikandar Ali | ||
| 100 | _aRoll No. 16CS49 | ||
| 100 | _aSupervisor - Dr. Fareed Ahmed Jokhio | ||
| 245 | _aHandwritten Digit Recognition Using Deep Learning. | ||
| 260 |
_aNawabshah _bQUEST _c2020 |
||
| 300 | _a30p | ||
| 700 | _aAbdullah Soomro (Roll No. 16CS39) | ||
| 700 | _aKomal Zahra (Roll No. 16CS21) | ||
| 700 | _aAlmas Fayaz (Roll No. 16CS17) | ||
| 700 | _aRaza Mahar (Roll No. 16CS34) | ||
| 942 | _cTHESIS | ||